| 000 | 00868nam a22002537a 4500 | ||
|---|---|---|---|
| 005 | 20170123162317.0 | ||
| 010 | _aA-940938 | ||
| 020 | _c250.00 | ||
| 035 | _aA-940938 | ||
| 037 | _bCen Lib/Ret | ||
| 040 |
_aDPL _bUR |
||
| 082 |
_a840.92 _bق م ر |
||
| 245 |
_aقمر ریس : _cمراتب سلما شاہین _bایک زندگی / |
||
| 246 |
_aQamar rayis : ek zindagi / _bedited by Sulema Shaheen |
||
| 260 |
_aکراچی _bتخلیکار پبلشرس _c1998 |
||
| 270 |
_bکراچی _a1779, کچہ دکھنی رہے دریاگنج _e110002 |
||
| 300 |
_a477p. _c21cm(Hb) |
||
| 650 |
_a ادب - اردو _v _9115297 |
||
| 650 |
_aاردو سوانح عمری _9115298 |
||
| 650 |
_aLiterature -- Urdu _9115299 |
||
| 650 |
_aUrdu biography _9511 |
||
| 700 |
_aسلما شاہین _9115300 |
||
| 942 |
_2ddc _cUR _h840.92 _mق م ر |
||
| 999 |
_c106813 _d106813 |
||